| Tag |
First Indicator |
Second Indicator |
Subfields |
| LEADER |
00000cam a2200000Ia 4500 |
| 001 |
in00002002125 |
| 005 |
20220105141433.0 |
| 006 |
m d |
| 007 |
cr cn- |
| 008 |
030813s2003 sp a sb 000 0 spa d |
| 020 |
|
|
|a 0585465304 (electronic bk.)
|
| 035 |
|
|
|a (OCoLC)ocm52843265
|
| 040 |
|
|
|a N$T
|c N$T
|d OCLCQ
|d UtOrBLW
|
| 049 |
|
|
|a IKMN
|
| 050 |
1 |
4 |
|a BF295
|b O74 2003eb
|
| 082 |
0 |
4 |
|a 152.3
|2 22
|
| 100 |
1 |
|
|a Otero Lagardera, Francisco.
|
| 245 |
1 |
0 |
|a Introducción a la praxiología motriz /
|c Francisco Lagardera Otero, Pere Lavega Burgués.
|
| 250 |
|
|
|a 1. ed.
|
| 264 |
|
1 |
|a Barcelona :
|b Editorial Paidotribo,
|c 2003.
|
| 300 |
|
|
|a 249 pages :
|b illustrations
|
| 336 |
|
|
|a text
|b txt
|2 rdacontent
|
| 337 |
|
|
|a computer
|b c
|2 rdamedia
|
| 338 |
|
|
|a online resource
|b cr
|2 rdacarrier
|
| 504 |
|
|
|a Bibliography (pages 239-242).
|
| 533 |
|
|
|a Electronic reproduction.
|b Boulder, Colo. :
|c NetLibrary,
|d 2003.
|n Available via World Wide Web.
|n Access may be limited to NetLibrary affiliated libraries.
|
| 500 |
|
|
|a Electronic resource.
|
| 650 |
|
0 |
|a Motor ability.
|0 http://id.loc.gov/authorities/subjects/sh85087575
|
| 650 |
|
0 |
|a Physical education and training.
|0 http://id.loc.gov/authorities/subjects/sh85101517
|
| 650 |
|
0 |
|a Movement, Psychology of.
|0 http://id.loc.gov/authorities/subjects/sh85088014
|
| 653 |
|
|
|a Educación física.
|
| 653 |
|
|
|a Psicomotricidad.
|
| 655 |
|
7 |
|a Electronic books.
|2 local
|
| 700 |
1 |
|
|a Lavega i Burgués, Pere.
|0 http://id.loc.gov/authorities/names/n98083931
|
| 710 |
2 |
|
|a NetLibrary, Inc.
|0 http://id.loc.gov/authorities/names/no99080690
|
| 776 |
1 |
|
|c Original
|z 8480196734
|w (OCoLC)52105262
|
| 856 |
4 |
1 |
|u https://proxy.library.tamu.edu/login?url=http://www.netLibrary.com/urlapi.asp?action=summary&v=1&bookid=87780
|z Connect to the full text of this electronic book
|t 0
|
| 994 |
|
|
|a 92
|b IKM
|
| 999 |
|
|
|a MARS
|
| 999 |
f |
f |
|s 80e47989-31c5-3e09-a030-562c89d0b495
|i 621914b2-9f37-3f3f-be18-3d0cb34fc4c9
|t 0
|
| 952 |
f |
f |
|a Texas A&M University
|b College Station
|c Electronic Resources
|d Available Online
|t 0
|e BF295 O74 2003eb
|h Library of Congress classification
|
| 998 |
f |
f |
|a BF295 O74 2003eb
|t 0
|l Available Online
|